Statistics for South East Asian Country Shapes

Click here to take the quiz!

General Stats

  • This quiz has been taken 64 times
  • The average score is 11 of 12

Answer Stats

Answer% Correct
Indonesia
100%
Philippines
100%
Vietnam
100%
Thailand
98%
Laos
94%
Malaysia
92%
Myanmar
92%
Cambodia
88%
Brunei
85%
East Timor
83%
Taiwan
79%
Singapore
77%

Score Distribution

Percentile by Number Answered

Percent of People with Each Score

Your Score History

You have not taken this quiz